| Поле | Название | Значение |
| |
Тип записи |
a |
| |
Библиографический уровень |
m |
| 001 |
Контрольный номер |
RU\infra-m\znanium\bibl\2252416 |
| 005 |
Дата корректировки |
20260429142217.4 |
| 008 |
Кодируемые данные |
260413s2026 RU g rus u |
| 020 |
Индекс ISBN |
__ |
| a |
ISBN |
978-5-16-015078-9 |
| 020 |
Индекс ISBN |
__ |
| a |
ISBN |
978-5-16-107578-4 (электр. издание) |
| 040 |
Источник каталогиз. |
__ |
| a |
Служба первич. каталог. |
Общество с ограниченной ответственностью «ЗНАНИУМ» |
| 041 |
Код языка издания |
__ |
| a |
Код языка текста |
rus |
| 044 |
Код страны публикации |
__ |
| a |
Код страны публикации |
RU |
| 080 |
Индекс УДК |
__ |
| a |
Индекс УДК |
374+373+372.853+372.854 |
| 084 |
Индекс другой классификации/Индекс ББК |
__ |
| 2 |
Источник индекса |
rubbk |
| a |
Индекс другой классификации/Индекс ББК |
74.200.58:74.262.22:74.262.4 |
| 084 |
Индекс другой классификации/Индекс ББК |
__ |
| 2 |
Источник индекса |
okso |
| a |
Индекс другой классификации/Индекс ББК |
44.02.02 |
| 084 |
Индекс другой классификации/Индекс ББК |
__ |
| 2 |
Источник индекса |
okso |
| a |
Индекс другой классификации/Индекс ББК |
44.02.03 |
| 084 |
Индекс другой классификации/Индекс ББК |
__ |
| 2 |
Источник индекса |
okso |
| a |
Индекс другой классификации/Индекс ББК |
44.02.04 |
| 084 |
Индекс другой классификации/Индекс ББК |
__ |
| 2 |
Источник индекса |
okso |
| a |
Индекс другой классификации/Индекс ББК |
44.03.01 |
| 084 |
Индекс другой классификации/Индекс ББК |
__ |
| 2 |
Источник индекса |
okso |
| a |
Индекс другой классификации/Индекс ББК |
44.03.02 |
| 084 |
Индекс другой классификации/Индекс ББК |
__ |
| 2 |
Источник индекса |
okso |
| a |
Индекс другой классификации/Индекс ББК |
44.03.05 |
| 100 |
Автор |
__ |
| a |
Автор |
Давыдов В.Н. |
| q |
Полное имя |
Давыдов Виктор Николаевич |
| u |
Дополнение |
Санкт-Петербургская академия постдипломного педагогического образования имени К.Д. Ушинского |
| 245 |
Заглавие |
__ |
| a |
Заглавие |
Физико-химические учебные проекты во внеурочной деятельности школьников. Книга для учителя |
| b |
Продолж. заглавия |
Учебно-методическая литература |
| c |
Ответственность |
Санкт-Петербургская академия постдипломного педагогического образования имени К.Д. Ушинского |
| 250 |
Сведения об издании |
__ |
| a |
Основные сведения об издании |
1 |
| 260 |
Выходные данные |
__ |
| a |
Место издания |
Москва |
| b |
Издательство |
ООО "Научно-издательский центр ИНФРА-М" |
| c |
Дата издания |
2026 |
| 300 |
Физическое описание |
__ |
| a |
Объем |
242 с. |
| 440 |
Серия |
__ |
| a |
Серия |
Практическая педагогика |
| 520 |
Аннотация |
__ |
| a |
Аннотация |
Методическое руководство посвящено вопросам содержания и методики проектной деятельности школьников. Читателю предлагается авторская методическая концепция работы над учебным проектом в которой центральное место отводится формированию оригинального замысла определяющего занимательность и творческий уровень работы. Большую часть книги составляют описания исследовательских и созидательных проектов осуществленных в процессе многолетней внеурочной работы автора со школьниками. Адресовано преподавателям и студентам химических специальностей педагогических вузов и университетов а также работникам системы дополнительного образования детей учителям химии средних школ гимназий лицеев и колледжей. |
| 521 |
Примеч. о цел. назн. |
__ |
| a |
Примеч. о целев. назн. |
Профессиональное образование |
| 650 |
Тематические рубрики |
__ |
| a |
Основная рубрика |
Педагогика. Образование |
| x |
Основная подрубрика |
Специализации педагогического образования |
| 655 |
Указ. предметных рубрик (устаревшее) |
__ |
| a |
Жанр/ форма (устаревшее) |
Учебно-методическая литература |
| 856 |
Электронный адрес документа |
4_ |
| a |
Имя сервера/домена |
znanium.ru |
| m |
Помощь |
ebs_support@infra-m.ru |
| n |
Местонахождение сервера |
НИЦ ИНФРА-М |
| u |
URL |
https://znanium.ru/catalog/document?id=481255 |
| 856 |
Электронный адрес документа |
48 |
| a |
Имя сервера/домена |
znanium.ru |
| d |
Путь |
/cover/2252 |
| f |
Электронное имя |
2252416.jpg |
| q |
Тип электронного формата |
image/jpeg |
| u |
URL |
https://znanium.ru/cover/2252/2252416.jpg |
| 911 |
|
__ |
| u |
|
0030=https://znanium.ru/catalog/document?id=481255 |